00483nam a2200193 i 4500001000300000245002900003250001300032260003700045300002700082500001700109504002500126040000800151041000800159080000800167942000700175008004100182999001700223952004900240bg 0aFiziceskaja elektronika. aVyp. 13. aL'vov :b"Viscaja Skola",c1976. as. 134, nlb. 2 :brys. a[Alf. ros.]. a[Zawiera bibliogr.]. cBPK apol a537 cKS s pl f |000 0 pol  c17348d17348 00104070aBPKbBPKcwo22074p01680737yKS